| 000 | 00387nam a22001337a 4500 | ||
|---|---|---|---|
| 020 | _a0-07--23309-8 | ||
| 082 | _a621.381531 GIN'P | ||
| 100 |
_aGINSBERG, GERALD L _964827 |
||
| 245 | _aPRINTED CIRCUITS DESIGN , FEATURING COMPUTER AIDED TECHNOLOGIES | ||
| 260 |
_aNEWYORK _bMCGRAW HILL _c1990 |
||
| 300 | _a324P | ||
| 650 |
_aPRINTED CIRCUITS COMPUTER AIDED DESIGN _964828 |
||
| 942 | _cBK | ||
| 999 |
_c573207 _d573207 |
||